00334nam a2200145Ia 4500003000500000008004100005020001800046040001900064082000700083100001600090245002200106260004000128300000800168546001200176STCL181203s9999 xx 000 0 und d a9788126117635 aSTCLbENcSTCL 222 aArora, M.G. 0aNuclear Chemistry bAnmol PublicationsaNew Delhic2004 a467 aEnglish